000 00485nam a2200181Ia 4500
005 20250326125800.0
008 250326s9999 xx 000 0 und d
037 _aTextbook
040 _aFMSL
_beng
_cFMSL
041 _aeng
_2eng
084 _aS:7 N6
_qFMSL
100 _aBischof L J
_9736141
245 0 _aInterpreting personality theories
_cBischof L J
260 _aNY
_bNY, Harper & Row
_c1966
300 _a746p
942 _cTB
_hS:7 N6
999 _c1279548
_d1279548